Principles of animal physiology / (Record no. 24420)

MARC details
000 -LEADER
fixed length control field 00559nam a22001937a 4500
003 - CONTROL NUMBER IDENTIFIER
control field OSt
005 - DATE AND TIME OF LATEST TRANSACTION
control field 20210701160120.0
008 - FIXED-LENGTH DATA ELEMENTS--GENERAL INFORMATION
fixed length control field 210701b ||||| |||| 00| 0 eng d
020 ## - INTERNATIONAL STANDARD BOOK NUMBER
International Standard Book Number 9789332577473
082 ## - DEWEY DECIMAL CLASSIFICATION NUMBER
Classification number 571.1
Item number M87P
100 ## - MAIN ENTRY--PERSONAL NAME
Personal name Moyes, Christopher D
245 ## - TITLE STATEMENT
Title Principles of animal physiology /
Statement of responsibility, etc by Christopher D. Moyes and Patricia M. Schulte
250 ## - EDITION STATEMENT
Edition statement 2nd ed.
260 ## - PUBLICATION, DISTRIBUTION, ETC. (IMPRINT)
Place of publication, distribution, etc Noida :
Name of publisher, distributor, etc Pearson India Education,
Date of publication, distribution, etc 2016
300 ## - PHYSICAL DESCRIPTION
Other physical details 758p.
690 ## - LOCAL SUBJECT ADDED ENTRY--TOPICAL TERM (OCLC, RLIN)
Topical term or geographic name as entry element Physiology--Study and teaching
700 ## - ADDED ENTRY--PERSONAL NAME
Personal name Schulte, Patricia M
942 ## - ADDED ENTRY ELEMENTS (KOHA)
Source of classification or shelving scheme Dewey Decimal Classification
Koha item type Books

No items available.